Contemporary Arab thought : (Record no. 8774)
[ view plain ]
| 000 -LEADER | |
|---|---|
| fixed length control field | 02235nac a22003251i 4500 |
| 003 - CONTROL NUMBER IDENTIFIER | |
| control field | EG-ScBUE |
| 005 - DATE AND TIME OF LATEST TRANSACTION | |
| control field | 20230710094815.0 |
| 008 - FIXED-LENGTH DATA ELEMENTS--GENERAL INFORMATION | |
| fixed length control field | 230710s2004 enk f b 001 0 eng d |
| 020 ## - INTERNATIONAL STANDARD BOOK NUMBER | |
| International Standard Book Number | 0745321690 (pbk.) |
| 040 ## - CATALOGING SOURCE | |
| Original cataloging agency | EG-ScBUE |
| Language of cataloging | eng |
| Description conventions | rda |
| Transcribing agency | EG-ScBUE |
| Modifying agency | EG-ScBUE |
| 082 04 - DEWEY DECIMAL CLASSIFICATION NUMBER | |
| Classification number | 909.0974927 |
| Item number | RAB |
| Edition number | 22 |
| 100 1# - MAIN ENTRY--PERSONAL NAME | |
| Personal name | Abu-Rabiʻ, Ibrahim M., |
| Relator term | author. |
| 245 10 - TITLE STATEMENT | |
| Title | Contemporary Arab thought : |
| Remainder of title | studies in post-1967 Arab intellectual history / |
| Statement of responsibility, etc | Ibrahim M. Abu-Rabiʻ. |
| 264 #1 - PUBLICATION, DISTRIBUTION, ETC. (IMPRINT) | |
| Place of publication, distribution, etc | London : |
| Name of publisher, distributor, etc | Pluto Press, |
| Date of publication, distribution, etc | 2004. |
| 300 ## - PHYSICAL DESCRIPTION | |
| Extent | xvii, 485 pages ; |
| Dimensions | 24 cm |
| 336 ## - CONTENT TYPE | |
| Source | rdacontent |
| Content type term | text |
| Content type code | txt |
| 337 ## - MEDIA TYPE | |
| Source | rdamedia |
| Media type term | unmediated |
| Media type code | n |
| 338 ## - CARRIER TYPE | |
| Source | rdacarrier |
| Carrier type term | volume |
| Carrier type code | nc |
| 504 ## - BIBLIOGRAPHY, ETC. NOTE | |
| Bibliography, etc | Includes bibliographical references and index. |
| 505 0# - FORMATTED CONTENTS NOTE | |
| Formatted contents note | The scope and limitation of post-1967 Arab thought -- Contemporary Arab intellectual trends -- Secularism and its hazards : the recent debate in the Arab world -- Contemporary Arab philosophical views of secularism -- Formation of contemporary identities : nationalism and Islamism in contemporary Arab thought -- Traditional values, social change and the contemporary Arab personality -- Globalization : a contemporary Islamic response? -- Contemporary Arab thought and globalization -- Rāshid Ghannūshī and the questions of Sharīʻah and civil society -- Muslim self-criticism in contemporary Arab thought : the case of Shaykh Muḥammad al-Ghazālī -- Islam and Muslims in crisis -- Toward a critical Arab reason : the contributions of Muḥammad ʻĀbid al-Jābīrī -- Towards modern Arab reason -- Costantine Zurayk and the search for Arab nationalism -- Mahdī ʻĀmil and the unfinished project of Arab marxist philosophy -- Abdallah Laroui : from objective marxism to liberal etatism. |
| 650 #7 - SUBJECT ADDED ENTRY--TOPICAL TERM | |
| Topical term or geographic name as entry element | Arab nationalism. |
| Source of heading or term | BUEsh |
| 650 #7 - SUBJECT ADDED ENTRY--TOPICAL TERM | |
| Topical term or geographic name as entry element | Secularism |
| Geographic subdivision | Arab countries. |
| Source of heading or term | BUEsh |
| 650 #7 - SUBJECT ADDED ENTRY--TOPICAL TERM | |
| Topical term or geographic name as entry element | Islamic renewal. |
| Source of heading or term | BUEsh |
| 650 #7 - SUBJECT ADDED ENTRY--TOPICAL TERM | |
| Topical term or geographic name as entry element | Islam and politics |
| Geographic subdivision | Arab countries. |
| Source of heading or term | BUEsh |
| 650 #7 - SUBJECT ADDED ENTRY--TOPICAL TERM | |
| Topical term or geographic name as entry element | Globalization. |
| Source of heading or term | BUEsh |
| 651 #7 - SUBJECT ADDED ENTRY--GEOGRAPHIC NAME | |
| Geographic name | Arab countries |
| General subdivision | Intellectual life |
| Chronological subdivision | 20th century. |
| Source of heading or term | BUEsh |
| 655 ## - INDEX TERM--GENRE/FORM | |
| Form subdivision | Reading book |
| 856 41 - ELECTRONIC LOCATION AND ACCESS | |
| Materials specified | Table of contents |
| Uniform Resource Identifier | <a href="http://www.loc.gov/catdir/toc/ecip043/2003010260.html">http://www.loc.gov/catdir/toc/ecip043/2003010260.html</a> |
| 942 ## - ADDED ENTRY ELEMENTS (KOHA) | |
| Koha item type | Book - Borrowing |
| Source of classification or shelving scheme | Dewey Decimal Classification |
| Withdrawn status | Lost status | Source of classification or shelving scheme | Damaged status | Not for loan | Collection code | Home library | Current library | Shelving location | Date acquired | Source of acquisition | Total Checkouts | Full call number | Barcode | Date last seen | Date checked out | Price effective from | Koha item type |
|---|---|---|---|---|---|---|---|---|---|---|---|---|---|---|---|---|---|
| Dewey Decimal Classification | Baccah | Central Library | Central Library | Second Floor | 24/03/2008 | Purchase | 3 | 909.0974927 RAB | 000010513 | 15/07/2025 | 28/03/2011 | 24/03/2008 | Book - Borrowing |